| 000 | 01081nam0a22002411 4500 | ||
|---|---|---|---|
| 001 | rc\4610459 | ||
| 005 | 20260407200015.0 | ||
| 035 | _a(NLR Aleph) 008393488 | ||
| 090 |
_a9191750 _c9191750 |
||
| 100 | _a20130416a19639999|||y0rusy50 ca | ||
| 101 | 0 | _arus | |
| 102 | _aRU | ||
| 105 | _ay z ||||| | ||
| 200 | 1 |
_aЕжегодник Московского академического хореографического училища _fМ-во культуры РСФСР. Гл. упр. учеб. заведений и кадров |
|
| 210 |
_aМосква _cБ. и. _d1963- |
||
| 300 | _aОтпеч. множит. аппаратом | ||
| 710 | 0 | 2 |
_aМосковское хореографическое училище _3RU\NLR\AUTH\8810130680 _9758106 |
| 801 | 0 |
_aRU _bNLR _gpsbo |
|
| 801 | 1 |
_aRU _bELAR _2rusmarc |
|
| 830 | _aПеречень имеющихся в библиотеке томов, номеров, годов этого издания смотри в каталоге периодических изданий | ||
| 852 |
_aNLR _jП28/954 |
||
| 942 | _cBOOK | ||
| 980 | _aNB | ||